00397nam a2200109Ia 4500008004100000020001800041082001800059100005200077245012100129260002700250300001000277210430s9999 xx 000 0 und d a0-8247-4302-4 a660. S 7751 R aEdited by Andrzej Stankiewicz, Jacob A. Moulijn aRe-Engineering The Chemical Processing Plant Process Intensification: Process intensification /cAndrzej Stankiewicz aNew YorkbDekkerc2004 a350 p